ALOE VERA, GINKGO BILOBA A ECHINACEA

Bibliographic Details
Main Author: Hála, Rudolf (Author)
Format: Article
Language:Slovak

MARC

LEADER 00000nab a2200000 a 4500
001 vtls010739081
003 SK-MaSNL
005 20260304194154.0
008 250709s2009 xo |||||||||||||||||slo|
035 |a (urnnbn)urn:nbn:sk:snk:ar-a05ny7 
035 |a (uuid)3b4adb2a-ef2c-41a2-95f9-e9896ae66d2c 
035 |a urn:nbn:sk:snk-ab3zvk 
040 |a SNKBUCL  |b slo  |c SNKBUCL  |e AACR2 
041 0 |a slo 
044 |a xo  |c SK 
100 1 |a Hála, Rudolf  |4 aut  |9 525983 
245 1 0 |a ALOE VERA, GINKGO BILOBA A ECHINACEA  |c Rudolf Hála 
773 0 |t Pharma news : odborný časopis pre lekárnikov a laborantov  |g Č. 9-10 (2009), s. 4-6 
850 |a Slovenská národná knižnica 
852 |a Slovenská národná knižnica 
954 |a odborná, vedecká literatúra pôvodná (slovenská)  |2 lita 
958 |a article1 
958 |a OND 
958 |a EUIPO 
999 |c 3072736  |d 3074666